Loading...
| History - European | 0 | 7 | 0 | 0 | 70 | 26 | 53.57 | 2 | 5 | 0.00 | 0.00 |
| Fine Arts - Other | 0 | 7 | 0 | 1 | 70 | 24 | 71.86 | 2 | 5 | 0.00 | 0.00 |
| History - American | 0 | 6 | 0 | 1 | 60 | 59 | 90.50 | 0 | 1 | 0.00 | 0.00 |
| Literature - British | 0 | 6 | 0 | 1 | 60 | 37 | 85.33 | 1 | 4 | 0.00 | 0.00 |
| Literature - World | 0 | 6 | 1 | 1 | 55 | 18 | 75.83 | 2 | 3 | 0.00 | 0.00 |
| Fine Arts - Painting and Sculpture | 0 | 6 | 1 | 1 | 55 | 67 | 89.50 | 0 | 3 | 0.00 | 0.00 |
| History - Other | 0 | 5 | 0 | 0 | 50 | 45 | 66.00 | 0 | 2 | 0.00 | 0.00 |
| Literature - American | 0 | 5 | 2 | 0 | 40 | 68 | 85.60 | 0 | 4 | 0.00 | 0.00 |
| Fine Arts - Classical Music | 0 | 4 | 0 | 0 | 40 | 55 | 80.00 | 2 | 3 | 0.00 | 0.00 |
| Religion | 0 | 4 | 1 | 1 | 35 | 53 | 79.00 | 2 | 2 | 0.00 | 0.00 |
| Literature - European | 0 | 4 | 2 | 0 | 30 | 32 | 72.50 | 1 | 2 | 0.00 | 0.00 |
| Geography | 0 | 3 | 0 | 0 | 30 | 64 | 70.33 | 1 | 3 | 0.00 | 0.00 |
| History - World | 0 | 3 | 1 | 0 | 25 | 55 | 68.00 | 0 | 3 | 0.00 | 0.00 |
| Philosophy | 0 | 3 | 1 | 0 | 25 | 54 | 65.67 | 0 | 3 | 0.00 | 0.00 |
| Mythology | 0 | 3 | 2 | 1 | 20 | 72 | 96.33 | 0 | 2 | 0.00 | 0.00 |
| Science - Biology | 0 | 2 | 0 | 0 | 20 | 75 | 86.50 | 0 | 0 | 0.00 | 0.00 |
| Current Events | 0 | 1 | 0 | 1 | 10 | 109 | 109.00 | 0 | 0 | 0.00 | 0.00 |
| Popular Culture | 0 | 1 | 0 | 0 | 10 | 23 | 23.00 | 1 | 1 | 0.00 | 0.00 |
| Science - Physics | 0 | 1 | 0 | 0 | 10 | 28 | 28.00 | 0 | 1 | 0.00 | 0.00 |
| Social Science | 0 | 2 | 3 | 1 | 5 | 92 | 100.50 | 0 | 0 | 0.00 | 0.00 |
| Science - Chemistry | 0 | 1 | 1 | 0 | 5 | 53 | 53.00 | 0 | 0 | 0.00 | 0.00 |
| Science - Other | 0 | 0 | 1 | 0 | -5 | 0.00 | 0 | 0 | 0.00 | 0.00 |